Striving to find a common language (Record no. 70655)

MARC details
000 -LEADER
fixed length control field 00654cam a2200169 4500
001 - CONTROL NUMBER
control field X118648
008 - FIXED-LENGTH DATA ELEMENTS--GENERAL INFORMATION
fixed length control field 020702n2002 000 0 eng u
035 ## - SYSTEM CONTROL NUMBER
System control number (Sirsi) u118648
100 ## - MAIN ENTRY--PERSONAL NAME
Personal name Fleming, J
245 ## - TITLE STATEMENT
Title Striving to find a common language
260 ## - PUBLICATION, DISTRIBUTION, ETC.
Date of publication, distribution, etc. 2002
490 ## - SERIES STATEMENT
Series statement Law Society's Gazette
Volume/sequential designation 99(19) 10 May 2002, 23-24(2)
520 ## - SUMMARY, ETC.
Summary, etc. Examines development of European Court of Justice, at its 50th anniversary. Explains how cases are conducted, how decisions reached and disseminated. Discusses feasibilty of system of federal community courts.
650 ## - SUBJECT ADDED ENTRY--TOPICAL TERM
Topical term or geographic name entry element EUROPEAN COURT OF JUSTICE
690 ## - LOCAL SUBJECT ADDED ENTRY--TOPICAL TERM (OCLC, RLIN)
Topical term or geographic name as entry element Dispute resolution
9 (RLIN) 6236
942 ## - ADDED ENTRY ELEMENTS (KOHA)
Suppress in OPAC 0
Holdings
Withdrawn status Lost status Source of classification or shelving scheme Damaged status Not for loan Home library Current library Shelving location Date acquired Total Checkouts Barcode Date last seen Copy number Price effective from Koha item type
    Dewey Decimal Classification     London London Journal article 02/07/2002   118648-1001 06/08/2019 1 06/08/2019 Journal article